00000000nas 2200000zi 4500
0019.949170
003CaOODSP
00520250820085416
006m     o  d f      
007cr |||||||||||
008250317c20259999oncar p o    f0   b0fre| 
022 |a2819-1498
040 |aCaOODSP|bfre|erda|cCaOODSP
043 |an-cn---
0861 |aA115-25F-PDF
1102 |aProgramme Agri-marketing (Canada)|eauteur, |eorganisme de publication.
222 0|aGuide du demandeur |b(Programme Agri-marketing (Canada))
24510|aGuide du demandeur / |cProgramme Agri-marketing.
2463 |aProgramme Agri-marketing, guide du demandeur
264 1|a[Ottawa] : |bAgriculture et Agroalimentaire Canada = Agriculture and Agri-Food Canada, |c[2025]-
310 |aAnnuel
336 |atexte|btxt|2rdacontent/fre
337 |ainformatique|bc|2rdamedia/fre
338 |aressource en ligne|bcr|2rdacarrier/fre
3621 |aParaît depuis : 2025.
500 |aPublié aussi en anglais sous le titre : AgriMarketing Program, applicant guide ...
61020|aProgramme Agri-marketing (Canada) |vPériodiques.
650 6|aAide de l'État à l'agriculture|zCanada|vPériodiques.
655 7|aPériodiques|2rvmgf
7101 |aCanada. |bAgriculture et agroalimentaire Canada, |eorganisme de publication.
77508|tApplicant guide / |w(CaOODSP)9.949171